000
00293nam a2200121Ia 4500
005
20251222141932.0
008
251222s9999||||xx |||||||||||||| ||spa||
020
_a
84-505-4149-2
082
_a
750.92/F96
245
0
_a
Darío de Rogoyos:
264
_b
Fundación Caja de Pensiones
942
_c
LIB
999
_c
9063
_d
9063